Statistiques concernant Communes fusionnées - Bas-Rhin

Cliquez ici pour prendre le quiz!

Statistiques générales

  • Ce quiz a été pris 34 fois
    (17 depuis la dernière actualisation)
  • Le résultat moyen est 19 sur 93

Réponses sur la Carte

Les réponses sont colorées sur une échelle allant du rouge au vert en fonction du pourcentage des utilisateurs qui les ont devinées à leur premier essai. Vous pouvez retrouver ces pourcentages ci-dessous.
 

Statistiques - réponses

Date/DatumCommunes/Gmeinde% Correct
1975Wissembourg
53%
1972Lembach
40%
2019Auenheim
33%
1972Berstett
33%
1972Nehwiller-près-Wœrth
33%
1971Niederbetschdorf
33%
1971Oberbetschdorf
33%
1972Offenheim
33%
1974Truchtersheim
33%
1975Altenstadt
27%
1974Engenthal
27%
1973Griesbach
27%
1973Griesbach-le-Bastberg
27%
1973Gundershoffen
27%
1975Hoffen
27%
1982Hohwiller
27%
1975Irmstett
27%
1975Leiterswiller
27%
1973Mitschdorf
27%
1974Niederseebach
27%
1974Oberseebach
27%
2016Pfaffenhoffen
27%
1972Reichshoffen
27%
1972Reimerswiller
27%
2019Rountzenheim
27%
1975Scharrachbergheim
27%
1972Schwabwiller
27%
1972Stutzheim
27%
2016Uberach
27%
1974Wangenbourg
27%
1974 / 1988Aschbach
20%
1972Avenheim
20%
1974 / 1992Bellefosse
20%
1974Belmont
20%
2016Birkenwald
20%
1972Birlenbach
20%
1973Bouxwiller
20%
1973Cleebourg
20%
1972Drachenbronn
20%
1973Eberbach-Wœrth
20%
1975Fouday
20%
1972Gimbrett
20%
1973Gœrsdorf
20%
1975Hermerswiller
20%
1973Ittlenheim
20%
1972Kuhlendorf
20%
2016La Walck
20%
1974 / 1992Oberbronn
20%
1974Obermodern
20%
1974Oberrœdern
20%
2016Pfettisheim
20%
1972Rumersheim
20%
2016Salenthal
20%
1972Schnersheim
20%
1982Soultz-sous-Forêts
20%
1974Stundwiller
20%
2016Wingersheim
20%
1974Zinswiller
20%
1974Zutzendorf
20%
2016Allenwiller
13%
1974Behlenheim
13%
1972Bischtroff-sur-Sarre
13%
1974 / 2007Bosselshausen
13%
1973Bremmelbach
13%
1974 / 1983Duppigheim
13%
2018Geiswiller
13%
2016Gingsheim
13%
1973 / 1986Gougenheim
13%
1945Gumbrechtshoffen-Niederbronn
13%
1945Gumbrechtshoffen-Oberbronn
13%
2017Hochfelden
13%
2016Hohatzenheim
13%
1973Imbsheim
13%
1974Kirrwiller
13%
1972Kleinfrankenheim
13%
1974Kolbsheim
13%
1972Mattstall
13%
2016Mittelhausen
13%
1973Neugartheim
13%
1972Reitwiller
13%
1973Riedheim
13%
2019Ringeldorf
13%
1973Rohr
13%
1972Sarrewerden
13%
2017Schaffhouse-sur-Zorn
13%
2016Singrist
13%
1974Waldersbach
13%
1973Wickersheim
13%
1972Willgottheim
13%
1973Wilshausen
13%
1972Wœllenheim
13%
2018Zœbersdorf
13%
1972Zollingen
13%

Distribution des résultats

Percentile par nombre de réponses

% des personnes avec chaque résultat

Votre développement - résultats

Vous n’avez pas pris ce quiz depuis la dernière actualisation